| 000 | 00000nam##2200000za#4500 |
| 001 | 9.573347 |
| 003 | CaOODSP |
| 005 | 20250129103331 |
| 007 | cr ||||||||||| |
| 008 | 150406|2004||||xxc|||||o f|0| 0 eng|d |
| 040 | |aCaOODSP|beng |
| 043 | |an-cn--- |
| 086 | 1 |aEn57-41/1-2004E-PDF |
| 110 | 2 |aMeteorological Service of Canada. |
| 245 | 10|aClimate change and the adaptation deficit / |h[electronic resource]|cby Ian Burton. |
| 260 | |aToronto - Ontario : |bEnvironment Canada. |cNovember 2004. |
| 300 | |a8p.|bgraph, references |
| 490 | 1 |aOccasional paper|v1 |
| 590 | |a12-12-Supp|b2012-03-28 |
| 720 | 1 |aBurton, Ian |
| 830 | #0|aOccasional paper (Canada. Industry Canada)|v1|w(CaOODSP)9.506650 |
| 856 | 40|ahttp://publications.gc.ca|qPDF|s764 KB|uhttps://publications.gc.ca/collections/collection_2012/ec/En57-41-1-2004-eng.pdf|y1 |